| 000 | 00372 a2200169 4500 | ||
|---|---|---|---|
| 001 | 191990 | ||
| 020 | _a978-85-7406-645-5 | ||
| 040 | _cMagnum | ||
| 100 | _aLodducca, Stela Greco | ||
| 240 | 1 | 0 |
_aDudu e a caixa _lpor |
| 245 | 1 | 0 | _aDudu e a caixa |
| 300 | _a | ||
| 362 | 0 | _a2015 | |
| 440 | 1 | _aCompanhia das Letrinhas | |
| 697 | _aLITERATURA INFANTIL | ||
| 942 | _cBK | ||
| 999 |
_c191990 _d191990 |
||